<?xml version="1.0" encoding="UTF-8"?>
<record
    xmlns:xsi="http://www.w3.org/2001/XMLSchema-instance"
    xsi:schemaLocation="http://www.loc.gov/MARC21/slim http://www.loc.gov/standards/marcxml/schema/MARC21slim.xsd"
    xmlns="http://www.loc.gov/MARC21/slim">

  <leader>00827    a2200229   4500</leader>
  <controlfield tag="003">OSt</controlfield>
  <controlfield tag="005">20230913142756.0</controlfield>
  <controlfield tag="008">230313s2012    sp ||||f |||| 001 0 spa d</controlfield>
  <datafield tag="020" ind1=" " ind2=" ">
    <subfield code="a">9788484765554</subfield>
  </datafield>
  <datafield tag="040" ind1=" " ind2=" ">
    <subfield code="c">CHAP</subfield>
  </datafield>
  <datafield tag="082" ind1="0" ind2="0">
    <subfield code="2">22</subfield>
    <subfield code="a">635.93356</subfield>
    <subfield code="b">M84</subfield>
  </datafield>
  <datafield tag="100" ind1="1" ind2=" ">
    <subfield code="9">132657</subfield>
    <subfield code="a">Moreno Vega, Alberto</subfield>
  </datafield>
  <datafield tag="245" ind1="1" ind2="0">
    <subfield code="a">Aloe vera (s&#xE1;bila): </subfield>
    <subfield code="b"> cultivo y utilizaci&#xF3;n /</subfield>
    <subfield code="c">por Alberto Moreno Vega, Mar&#xED;a Yolanda L&#xF3;pez G&#xE1;lvez y Luis Jim&#xE9;nez  &#xC1;lvarez</subfield>
  </datafield>
  <datafield tag="264" ind1=" " ind2="1">
    <subfield code="a">Espa&#xF1;a:</subfield>
    <subfield code="b">Mundi-Prensa,</subfield>
    <subfield code="c">2012.</subfield>
  </datafield>
  <datafield tag="300" ind1=" " ind2=" ">
    <subfield code="a">127 p&#xE1;ginas:</subfield>
    <subfield code="b">Ilustraciones cuadros, gr&#xE1;ficas, mapas, tablas</subfield>
  </datafield>
  <datafield tag="504" ind1=" " ind2=" ">
    <subfield code="a">Incluye &#xED;ndice y bibliograf&#xED;a</subfield>
  </datafield>
  <datafield tag="650" ind1=" " ind2="4">
    <subfield code="9">134462</subfield>
    <subfield code="a">Aloe vera</subfield>
    <subfield code="x">Cultivo</subfield>
  </datafield>
  <datafield tag="650" ind1=" " ind2="4">
    <subfield code="9">134461</subfield>
    <subfield code="a">Aloe vera</subfield>
    <subfield code="x">Producci&#xF3;n</subfield>
  </datafield>
  <datafield tag="700" ind1="1" ind2=" ">
    <subfield code="9">132658</subfield>
    <subfield code="a">L&#xF3;pez G&#xE1;lvez, Mar&#xED;a Yolanda</subfield>
  </datafield>
  <datafield tag="700" ind1="1" ind2=" ">
    <subfield code="9">187939</subfield>
    <subfield code="a">Jim&#xE9;nez &#xC1;lvarez, Luis</subfield>
  </datafield>
  <datafield tag="942" ind1=" " ind2=" ">
    <subfield code="c">Libro</subfield>
    <subfield code="2">ddc</subfield>
  </datafield>
  <datafield tag="999" ind1=" " ind2=" ">
    <subfield code="c">218524</subfield>
    <subfield code="d">218524</subfield>
  </datafield>
  <datafield tag="952" ind1=" " ind2=" ">
    <subfield code="0">0</subfield>
    <subfield code="1">0</subfield>
    <subfield code="2">ddc</subfield>
    <subfield code="4">0</subfield>
    <subfield code="5">2</subfield>
    <subfield code="7">0</subfield>
    <subfield code="8">GRAL</subfield>
    <subfield code="a">BC</subfield>
    <subfield code="b">BC</subfield>
    <subfield code="c">PP_GRAL</subfield>
    <subfield code="d">2023-09-13</subfield>
    <subfield code="l">0</subfield>
    <subfield code="o">635.93356 M84</subfield>
    <subfield code="p">33724002577991</subfield>
    <subfield code="r">2023-09-13 00:00:00</subfield>
    <subfield code="w">2023-09-13</subfield>
    <subfield code="y">LIBRO</subfield>
  </datafield>
  <datafield tag="952" ind1=" " ind2=" ">
    <subfield code="0">0</subfield>
    <subfield code="1">0</subfield>
    <subfield code="2">ddc</subfield>
    <subfield code="4">0</subfield>
    <subfield code="5">2</subfield>
    <subfield code="7">0</subfield>
    <subfield code="8">GRAL</subfield>
    <subfield code="a">BC</subfield>
    <subfield code="b">BC</subfield>
    <subfield code="c">PP_GRAL</subfield>
    <subfield code="d">2023-09-13</subfield>
    <subfield code="l">0</subfield>
    <subfield code="o">635.93356 M84</subfield>
    <subfield code="p">33724002577959</subfield>
    <subfield code="r">2023-09-13 00:00:00</subfield>
    <subfield code="t">c.2</subfield>
    <subfield code="w">2023-09-13</subfield>
    <subfield code="y">LIBRO</subfield>
  </datafield>
</record>
